00659nam a2200181 a 450000100060000000300090000600800410001502000150005604000280007108200180009910000490011724500360016625000060020226000700020830000110027850501520028965000360044110914CO-ViMGA141112s2004 ck r 000 u spa d a9589281028 aCO-ViMGAbspacCO-ViMGA04a986.0003 A76c1 aAsociacion Instituto Linguistico de Verano, 10aCulturas Indigenas : bColombia a1 aLomalinda, cMeta, cAsociación Instituto Linguistico de Verano a143 p. aRegión Amazonia norte.Región Amazonia sur.Región Andina sur.Región del pacífico Región Andina norte y caribe.Región llanos orientales14aINDIGENAS DE COLOMBIA - CULTURA